书目信息 |
| 题名: |
空间几何常数
|
|
| 作者: | 杨长森 , 李海英 著 | |
| 分册: | ||
| 出版信息: | 北京 科学出版社 2015.09 |
|
| 页数: | 143页 | |
| 开本: | 24cm | |
| 丛书名: | ||
| 单 册: | ||
| 中图分类: | O184 | |
| 科图分类: | ||
| 主题词: | 多堆空间几何--常数 | |
| 电子资源: | ||
| ISBN: | 978-7-03-045260-3 | |
| 000 | 00946nam0 2200253 450 | |
| 001 | 53 | |
| 001 | 01CN11532275@CSLN | |
| 005 | 20161110170424.82 | |
| 010 | @a978-7-03-045260-3@dCNY59.00 | |
| 100 | @a20151009d2015 em y0chiy50 ea | |
| 101 | 0 | @achi |
| 102 | @aCN@b110000 | |
| 105 | @aa z 000yy | |
| 200 | 1 | @a空间几何常数@9kong jian ji he chang shu@f杨长森,李海英著 |
| 210 | @a北京@c科学出版社@d2015.09 | |
| 215 | @a143页@c图@d24cm | |
| 330 | @a空间上几何常数是用来刻画空间几何性质最有效的方法之一.本书介绍了利用凸性模,光滑模等基本常数,来研究Banach空间上一致非方常数,von-NeumannJordan常数,James型常数的若干性质,如这些常数与一致非方的关系,这些常数之间的联系等等 | |
| 333 | @a数学专业的研究生及有关教师和科技工作者 | |
| 606 | 0 | @a多堆空间几何@x常数 |
| 690 | @aO184@v4 | |
| 701 | 0 | @a杨长森@9yang chang sen@4著 |
| 701 | 0 | @a李海英@9li hai ying@4著 |
| 801 | 0 | @aCN@b大连网信软件有限公司图书馆·11@c20161110 |
| 905 | @aZUCC@dO184@e7 | |
| 空间几何常数/杨长森,李海英著.-北京:科学出版社,2015.09 |
| 143页:图;24cm |
| 使用对象:数学专业的研究生及有关教师和科技工作者 |
| ISBN 978-7-03-045260-3:CNY59.00 |
| 空间上几何常数是用来刻画空间几何性质最有效的方法之一.本书介绍了利用凸性模,光滑模等基本常数,来研究Banach空间上一致非方常数,von-NeumannJordan常数,James型常数的若干性质,如这些常数与一致非方的关系,这些常数之间的联系等等 |
| ● |
| 相关链接 |
|
|
|
|
正题名:空间几何常数
索取号:O184/7
 
预约/预借
| 序号 | 登录号 | 条形码 | 馆藏地/架位号 | 状态 | 备注 |
| 1 | 908292 | 209082927 | 第二样本阅览室/ [索取号:O184/7] | 在馆 | |
| 2 | 908293 | 209082936 | 第三借阅区/ [索取号:O184/7] | 在馆 | |
| 3 | 908294 | 209082945 | 第三借阅区/ [索取号:O184/7] | 在馆 | |
| 4 | 908295 | 209082954 | 第三借阅区/ [索取号:O184/7] | 在馆 | |
| 5 | 908296 | 209082963 | 第三借阅区/ [索取号:O184/7] | 在馆 |